000 00280nam a22001337a 4500
008 170405b xxu||||| |||| 00| 0 eng d
020 _a9780072951714
041 _aeng
080 _23 ED
_a574
100 _a9
101 _aSHM
245 _aECOLOGY
_cMOLLES.M.C
942 _2udc
_cBK
999 _c9707
_d9707